000
00306nam a2200133Ia 4500
008
190216s9999||||xx |||||||||||||| ||und||
100
_a
Mukhin. K.N
245
0
_a
Experrimental Nuclear Physics
250
_a
1st Ed.
260
_b
Mir Publishers
_c
1987
300
_a
395
650
_a
Physics
942
_c
BK
999
_c
33192
_d
33192